000 00497cam a2200205 4500
001 B2421
008 090401t1989 xxu||||| |||| 00| 0 eng d
035 _a(Sirsi) u49938
041 _aeng
050 _a332.6324
110 _aDebenham Tewson and Chinnocks
_93135
245 _aBanking on property
260 _aLondon
_bDebenham Tewson and Chinnocks
_c1989
300 _a28p ; 30cm.
350 _a15
650 _aBANKS
650 _aPROPERTY FUNDING
942 _n0
948 _c04/03/1997
999 _c92628
_d92628